[Event "HUN-chT"]
[Site "HUN"]
[Date "1993.??.??"]
[Round "?"]
[White "Szuk, Balazs"]
[Black "Besztercsenyi, Tibor"]
[Result "1-0"]
[WhiteElo "2315"]
[BlackElo "2280"]

1.d4 Nf6 2.Bg5 e6 3.e4 h6 4.Bxf6 Qxf6 5.Nf3 c5 6.e5 Qd8 7.d5 Qb6 8.dxe6 dxe6
9.b3 Nc6 10.Nbd2 Be7 11.c3 O-O 12.Bd3 Rd8 13.Qe2 Qc7 14.O-O-O Rxd3 15.Qxd3 Nxe5
16.Nxe5 Qxe5 17.Nf3 Qf6 18.Kb2 a5 19.Qe3 a4 20.Ne5 b5 21.Qf3 a3+ 22.Kc2 Qxe5
23.Qxa8 Qf5+ 24.Kd2 Qxf2+ 25.Kd3 Qf5+ 26.Ke2 e5 27.Rhf1 Qg4+ 28.Kf2 Kh7 29.Kg1 Be6
30.Qxa3 Qe2 31.Rfe1 Qg4 32.Qa8 Bf5 33.Qf3 Qg6 34.Qg3 Bg4 35.Rd5  1-0

[Event "Jakarta Interzonal (Women)"]
[Site "Jakarta"]
[Date "1993.??.??"]
[Round "?"]
[White "Semenova, Lidia K"]
[Black "Galliamova, Alisa"]
[Result "1-0"]
[WhiteElo "2285"]
[BlackElo "2435"]

1.d4 Nf6 2.Bg5 e6 3.Nd2 Be7 4.e4 O-O 5.Bd3 d6 6.f4 e5 7.Ngf3 exd4 8.Nxd4 h6
9.Bxf6 Bxf6 10.N2f3 Bxd4 11.Nxd4 Qf6 12.Nb5 Qxb2 13.O-O Qb4 14.Kh1 Qc5 15.Qd2 a6
16.Nc3 Nd7 17.Rae1 Qa5 18.Rf3 Nf6 19.h3 Bd7 20.e5 Nd5 21.Be4 Nxc3 22.Qxc3 Qxc3
23.Rxc3 c6 24.exd6 Rfe8 25.Rce3 Re6 26.c4 b6 27.a4 Rae8 28.a5 bxa5 29.c5 f5
30.Bxc6 Rxe3 31.Rxe3 Bxc6 32.Rb3 Bb5 33.Rxb5 axb5 34.d7 Re1+ 35.Kh2 Rd1 36.c6 Kf7
37.c7 Rxd7 38.c8=Q Rd5 39.Qc7+ Ke6 40.Qc6+ Rd6 41.Qxb5 Rd5 42.Qb6+ Ke7 43.Qb7+ Kd6
44.Qxg7 Kc5 45.Qxh6 a4 46.Qf8+ Kb5 47.h4 Rc5 48.h5 a3 49.Qa8 Kb4 50.h6  1-0

[Event "Jyvaskyla op"]
[Site "Jyvaskyla"]
[Date "1993.??.??"]
[Round "7"]
[White "Manninen, Marko"]
[Black "Kiik, Kalle"]
[Result "1/2-1/2"]
[WhiteElo "2355"]
[BlackElo "2370"]

1.d4 Nf6 2.Bg5 e6 3.e4 h6 4.Bxf6 Qxf6 5.Nf3 d6 6.e5 Qd8 7.Bd3 d5 8.O-O b6
9.c3 c6 10.Qe2 Be7 11.Nbd2 Nd7 12.c4 Bb7 13.cxd5 cxd5 14.Rfc1 Rc8 15.Ba6 Bxa6
16.Qxa6 Rc7 17.Nb3 Nb8 18.Qb5+ Qd7 19.Qe2 Ba3  1/2-1/2

[Event "Katerini GP"]
[Site "Katerini"]
[Date "1993.??.??"]
[Round "5"]
[White "Hertneck, Gerald"]
[Black "Stefansson, Hannes"]
[Result "1/2-1/2"]
[WhiteElo "2555"]
[BlackElo "2500"]

1.d4 Nf6 2.Bg5 e6 3.e4 h6 4.Bxf6 Qxf6 5.Nf3 d6 6.e5 Qe7 7.c3 g6 8.Nbd2 Bg7
9.Bd3 Nd7 10.Qe2 dxe5 11.dxe5 Qc5 12.Nb3 Qb6 13.O-O Nc5 14.Bb5+ Bd7 15.Bxd7+ Nxd7
16.Rad1 g5 17.Rd4 c5 18.Re4 Qc7 19.Nbd2 g4 20.Rxg4 Bxe5 21.Nc4 Bf6 22.Rd1 Rd8
23.Re4 Nb6 24.Rxd8+ Qxd8 25.Nce5 Nd7 26.g3 Nxe5 27.Nxe5 Bxe5 28.Rxe5 b6 29.f4 O-O
30.f5 exf5 31.Rxf5 Qd6 32.Qg4+ Kh7 33.Qe4 Qg6 34.Kf2 Kg8 35.Re5  1/2-1/2

[Event "Katowice op"]
[Site "Katowice"]
[Date "1993.??.??"]
[Round "1"]
[White "Popiolek, Hubert"]
[Black "Vaulin, Alexander"]
[Result "0-1"]
[WhiteElo "2220"]
[BlackElo "2515"]

1.d4 Nf6 2.Bg5 e6 3.c3 c5 4.e3 cxd4 5.exd4 Be7 6.Nf3 b6 7.Nbd2 Bb7 8.Bd3 d6
9.O-O Nbd7 10.Re1 O-O 11.Qc2 h6 12.Bxf6 Nxf6 13.Rad1 Rc8 14.Bf1 a6 15.a3 Re8
16.g3 Bf8 17.Bg2 b5 18.Nh4 Qb6 19.Qd3 Bxg2 20.Nxg2 a5 21.Ne3 d5 22.b4 a4
23.f4 g6 24.Rc1 Bg7 25.Kg2 Re7 26.Nd1 Rec7 27.Nf2 Ne8 28.Nf3 Nd6 29.Ne5 Nc4
30.h4 Nxa3 31.h5 gxh5 32.Rh1 Nc4 33.Rxh5 Nd6 34.g4 f5 35.Qh3 Qa7 36.Rxh6 Bxh6
37.Qxh6 Re7 38.Qf6 Rh7  0-1

[Event "Katowice op"]
[Site "Katowice"]
[Date "1993.??.??"]
[Round "7"]
[White "Nikitin, Aleksander S"]
[Black "Eismont, Oleg"]
[Result "1/2-1/2"]
[WhiteElo "2420"]
[BlackElo "2415"]

1.d4 Nf6 2.Bg5 e6 3.e4 h6 4.Bxf6 Qxf6 5.Nf3 b6 6.Bd3 Bb7 7.O-O d6 8.Nbd2 Nd7
9.Qe2 a6 10.a4 Qd8 11.a5 b5 12.c4 b4 13.e5 dxe5 14.Nxe5 Nxe5 15.Qxe5 Qg5
16.Be4 Qxe5 17.dxe5 O-O-O 18.Bxb7+ Kxb7 19.Nf3 Be7 20.Rfd1 Rxd1+ 21.Rxd1 Rd8
22.Rxd8 Bxd8 23.Ne1 c5 24.Nd3 Kc6 25.f4 Bxa5 26.b3 Bd8 27.Kf2 f6 28.Kf3 fxe5
29.fxe5 a5 30.g3 a4 31.bxa4 b3 32.Ke2 Ba5 33.Kd1 g5 34.h4 Bc3 35.hxg5 hxg5
36.Kc1 Bd4 37.a5 g4 38.Kb1 Kb7 39.Nc1 Bxe5 40.Nxb3 Kc6 41.a6 Bb8 42.Kc2 Kb6
43.Kd3 Bd6 44.Ke4 Kxa6 45.Nd2 Kb6 46.Nf1 Ka5 47.Kd3 Kb4 48.Ne3  1/2-1/2

[Event "Las Palmas-B"]
[Site "Las Palmas"]
[Date "1993.??.??"]
[Round "2"]
[White "Anguix Garrido, Juan Francisco"]
[Black "Villavicencio, Adalberto"]
[Result "0-1"]
[WhiteElo "2340"]
[BlackElo "2360"]

1.d4 Nf6 2.Bg5 e6 3.e4 h6 4.Bxf6 Qxf6 5.Nc3 d6 6.Qd2 Nd7 7.f4 c6 8.Nf3 e5
9.dxe5 dxe5 10.f5 Bb4 11.O-O-O Qe7 12.Qe3 Nf6 13.Nd2 Bd7 14.Bc4 b5 15.Be2 O-O
16.g4 Qc5 17.Qxc5 Bxc5 18.h4 Be3 19.Rh3 Bf4 20.Kb1 Rfd8 21.Nb3 b4 22.Na4 Nxe4
23.Rhd3 Nf2 24.Rxd7 Nxd1 25.Rxd1 Rxd1+ 26.Bxd1 Rd8 27.Be2 Kf8 28.c3 bxc3
29.Nxc3 h5 30.Ne4 hxg4 31.Bxg4 Rd3 32.Nbc5 Re3 33.Kc2 Ke7 34.Bd1 Rh3 35.h5 Be3
36.Nd3 Bd4 37.b4 Rh4 38.Ng3 Kf6 39.Ne2 Kxf5 40.Nxd4+ Rxd4 41.Kc3 Rd8 42.Nf2 Kf4
43.Bc2 Kg5  0-1

[Event "Leeuwarden op"]
[Site "Leeuwarden"]
[Date "1993.??.??"]
[Round "5"]
[White "Tondivar, Babak"]
[Black "Pliester, Leon"]
[Result "1/2-1/2"]
[WhiteElo "2290"]
[BlackElo "2420"]

1.d4 Nf6 2.Bg5 e6 3.e4 c5 4.d5 h6 5.Bxf6 Qxf6 6.Nc3 a6 7.Nf3 e5 8.a4 d6 9.Nd2 b6
10.Be2 Qd8 11.Bg4 Be7 12.Bxc8  1/2-1/2

[Event "Lenk op"]
[Site "Lenk"]
[Date "1993.??.??"]
[Round "2"]
[White "Weindl, Alfred"]
[Black "Bischoff, Klaus"]
[Result "1/2-1/2"]
[WhiteElo "2350"]
[BlackElo "2505"]

1.d4 Nf6 2.Bg5 e6 3.e4 h6 4.Bxf6 Qxf6 5.Nf3 d6 6.Nc3 Nd7 7.Qd2 a6 8.O-O-O Qe7
9.Bd3 g6 10.Rhe1 Bg7 11.h4 O-O 12.e5 d5 13.Ne2 c5 14.c3 cxd4 15.Nexd4 Nc5
16.Bc2 Bd7 17.h5 g5 18.Nh2 f5 19.exf6 Qxf6 20.Ng4 Qf4 21.f3 Rae8 22.Qxf4 Rxf4
23.g3 Rff8 24.Ne5 Bxe5 25.Rxe5 Kg7 26.Rde1 Kf6 27.f4 gxf4 28.gxf4 Rg8 29.b4 Ne4
30.Bxe4 dxe4 31.R1xe4 Rg4 32.Kb2 Re7 33.a4 Rh4 34.b5 axb5 35.axb5 b6 36.Ka3 Re8
37.Kb4 Rh1 38.Re1 Rh4 39.f5 Rxh5 40.c4 Rh4 41.Nc6 Rf4  1/2-1/2

[Event "Madrid-B"]
[Site "Madrid"]
[Date "1993.??.??"]
[Round "?"]
[White "De la Cruz Lopez, Jesus"]
[Black "Reyes, Juan"]
[Result "1/2-1/2"]
[WhiteElo "2365"]
[BlackElo "2450"]

1.d4 Nf6 2.Bg5 e6 3.Nf3 h6 4.Bxf6 Qxf6 5.e4 d6 6.Nc3 a6 7.Qe2 Qe7 8.O-O-O b5
9.Ne1 b4 10.Nb1 Qg5+ 11.Nd2 a5 12.h4 Qd8 13.f4 Be7 14.Nef3 d5 15.g4 Ba6 16.Qe3 dxe4
17.Nxe4 Bxf1 18.Rhxf1 Qd5 19.Kb1 Nd7 20.Ne5 Rd8  1/2-1/2

[Event "Mar del Plata op"]
[Site "Mar del Plata"]
[Date "1993.??.??"]
[Round "5"]
[White "De las Heras, Juan Carlos"]
[Black "Gomez Baillo, Jorge H"]
[Result "1/2-1/2"]
[WhiteElo "2325"]
[BlackElo "2395"]

1.d4 Nf6 2.Bg5 e6 3.e3 b6 4.Nd2 Bb7 5.Ngf3 Be7 6.Bd3 d6 7.c3 Nbd7 8.Qe2 O-O
9.Ba6 Bxa6 10.Qxa6 c5 11.O-O Qc7 12.a4 Nd5 13.Bxe7 Nxe7 14.a5 Qc6 15.Qd3 d5
16.axb6 axb6 17.e4 b5 18.exd5 Nxd5 19.Ng5 N5f6 20.dxc5 Nxc5 21.Qf3 Nd5 22.Rxa8 Qxa8
23.Nde4 Qc6 24.Nxc5 Qxc5 25.Qd3 Nf6 26.Ne4 Nxe4 27.Qxe4 Rd8 28.Ra1 Qa7 29.Qe1 Qd7
30.g3 Qd5 31.Qe2 g6  1/2-1/2

[Event "Nis op"]
[Site "Nis"]
[Date "1993.??.??"]
[Round "?"]
[White "Certic, Branimir"]
[Black "Sekulic, Dusan"]
[Result "1-0"]
[WhiteElo "2395"]
[BlackElo "2355"]

1.d4 Nf6 2.Bg5 e6 3.Nd2 h6 4.Bh4 d5 5.e3 Nbd7 6.f4 c5 7.c3 Qb6 8.Rb1 cxd4
9.exd4 Bd6 10.Nh3 O-O 11.Bd3 Re8 12.Kf1 Qc7 13.Qf3 b6 14.g4 Bb7 15.Re1 Rac8
16.Rg1 Ne4 17.Nxe4 dxe4 18.Bxe4 Bxe4 19.Qxe4 Qc4+ 20.Re2 Qxa2 21.g5 hxg5
22.Bxg5 Qd5 23.Bh6 Bf8 24.Qxd5 exd5 25.Bxg7 Rxe2 26.Bxf8+ Kxf8 27.Kxe2 Ke7
28.Nf2 Rh8 29.Rg2 Ke6 30.h3 a5 31.Rh2 Kf5 32.Kf3 Nf6 33.Ng4 Nh5 34.Ne3+ Ke6
35.f5+ Kd6 36.h4 Re8 37.Rg2 Rh8 38.Ng4 Rh7 39.f6 Rh8 40.Re2 Rh7 41.Re8 Kd7
42.Re7+ Kd6 43.Rb7 Kc6 44.Ra7 Kd6 45.b3 Nxf6 46.Nxf6 Rxh4 47.Kg3 Rh8 48.Rb7 Kc6
49.Rxf7 Rh1 50.Kf2 Rb1 51.c4 Rb2+ 52.Ke1 dxc4 53.bxc4 Rb4 54.Ng4 b5 55.Ne5+ Kd6
56.Rd7+ Ke6 57.c5 a4 58.Rd6+ Kf5 59.c6 Rb3 60.c7 Rc3 61.Rc6  1-0

[Event "NLD-chT"]
[Site "?"]
[Date "1993.??.??"]
[Round "9"]
[White "Tondivar, Babak"]
[Black "Riemersma, Liafbern"]
[Result "0-1"]
[WhiteElo "2265"]
[BlackElo "2415"]

1.d4 Nf6 2.Bg5 e6 3.e4 h6 4.Bxf6 Qxf6 5.Nf3 d6 6.c3 g6 7.Nbd2 Bg7 8.a4 a5
9.Bd3 O-O 10.O-O e5 11.dxe5 dxe5 12.Nc4 Nd7 13.Qc2 Qe7 14.Ne3 Nc5 15.Bc4 c6
16.Rfe1 Re8 17.Nd2 Qg5 18.g3 h5 19.h4 Qe7 20.Bf1 Bf8 21.Ndc4 Qc7 22.Kh2 b6
23.b3 Bh6 24.Rad1 Be6 25.Rb1 Red8 26.Red1 Rxd1 27.Nxd1 Rd8 28.Nde3 b5 29.axb5 cxb5
30.Na3 Bxe3 31.Nxb5 Qd7 32.fxe3 Nxb3 33.Rb2 a4 34.c4 Qd2+ 35.Qxd2 Rxd2+ 36.Rxd2 Nxd2
37.Bd3 Bxc4 38.Bxc4 Nxc4 39.Nc3 a3  0-1

[Event "Odorheiu Secuiesc op"]
[Site "Odorheiu Secuiesc"]
[Date "1993.??.??"]
[Round "6"]
[White "Ungureanu, Emil"]
[Black "Musat, Adrian"]
[Result "0-1"]
[WhiteElo "2340"]
[BlackElo "2275"]

1.d4 Nf6 2.Bg5 e6 3.e3 c5 4.c3 b6 5.Nd2 Bb7 6.Ngf3 Be7 7.Bd3 d5 8.Qb1 h6
9.Bh4 Nc6 10.a3 a5 11.O-O O-O 12.Ne5 Nxe5 13.dxe5 Ng4 14.Bg3 Bh4 15.Bf4 g5
16.h3 Bxf2+ 17.Rxf2 Nxf2 18.Bh7+ Kh8 19.Bg3 Ne4 20.Nxe4 dxe4 21.Bxe4 Qc7
22.Bxb7 Qxb7 23.Qf1 Qe4 24.Qe2 Rad8 25.Rf1 Kg7 26.Rf6 Qd3 27.Qf2  0-1

[Event "Odorheiu Secuiesc op"]
[Site "Odorheiu Secuiesc"]
[Date "1993.??.??"]
[Round "9"]
[White "Dumitrescu, Dragos"]
[Black "Dumitrache, Dragos"]
[Result "1-0"]
[WhiteElo "2290"]
[BlackElo "2385"]

1.d4 Nf6 2.Bg5 e6 3.e4 h6 4.Bxf6 Qxf6 5.Nc3 Qd8 6.Bc4 Be7 7.Nf3 d6 8.Qd2 Nd7
9.a4 c6 10.O-O O-O 11.Rfe1 Kh8 12.Ne2 Nf6 13.Bd3 c5 14.e5 dxe5 15.dxe5 Nd5
16.Be4 Qb6 17.a5 Qa6 18.Bxd5 exd5 19.Qxd5 Bf5 20.Qb3 Rad8 21.Ng3 Be6 22.Qc3 Rd5
23.Nh5 c4 24.Nf4 Rc5 25.Nxe6 fxe6 26.Red1 Rc7 27.b4 Qb5 28.Rab1 b6 29.axb6 Qxb6
30.Qd4 Qb7 31.c3 Rd8 32.Qg4 Rd3 33.Nd4 Rd7 34.Rxd3 cxd3 35.Nxe6 g5 36.Rd1 Qd5
37.Nc5 Bxc5 38.bxc5 Re7 39.Qd4 Rxe5 40.c6 Kh7 41.Qxa7+ Kg6 42.Qd4 d2 43.Kf1 Qe6
44.Qxd2  1-0

[Event "Odorheiu Secuiesc op"]
[Site "Odorheiu Secuiesc"]
[Date "1993.??.??"]
[Round "11"]
[White "Ungureanu, Emil"]
[Black "Csomos, Roland"]
[Result "1/2-1/2"]
[WhiteElo "2340"]
[BlackElo "2345"]

1.d4 Nf6 2.Bg5 e6 3.e3 d5 4.Bd3 c5 5.c3 Nbd7 6.Nd2 Qc7 7.Ngf3 Bd6 8.a3 c4
9.Be2 b5 10.Qc2 Bb7 11.Bh4 a5 12.Bg3 Bc6 13.Bxd6 Qxd6 14.O-O O-O  1/2-1/2

[Event "WchT U26"]
[Site "Paranana"]
[Date "1993.??.??"]
[Round "?"]
[White "Cueto, Johny"]
[Black "Tseleng, Emmanuel"]
[Result "1/2-1/2"]
[WhiteElo "2170"]
[BlackElo "2210"]

1.d4 Nf6 2.Bg5 e6 3.e4 Be7 4.Bd3 d5 5.Bxf6 Bxf6 6.e5 Be7 7.Qg4 g6 8.Nc3 a6
9.h4 h5 10.Qg3 c5 11.dxc5 Bxc5 12.Nge2 Nc6 13.O-O-O Qe7 14.Nf4 Nb4 15.Rhe1 Bd7
16.Bf1 O-O-O 17.Kb1 Kb8 18.a3 Nc6 19.Ncxd5 exd5 20.e6 Bxf2 21.Qxf2 Bxe6 22.Nxd5 Qd6
23.Nc3 Qc7 24.Qc5 Nd4 25.Qb4 Nc6 26.Qc5  1/2-1/2

[Event "World op"]
[Site "Philadelphia"]
[Date "1993.??.??"]
[Round "?"]
[White "Hoffmann, Asa"]
[Black "Flores, Patricio"]
[Result "1-0"]
[WhiteElo "2285"]
[BlackElo "2230"]

1.d4 Nf6 2.Bg5 e6 3.Nd2 c5 4.Ngf3 Qb6 5.e3 Qxb2 6.Rb1 Qxa2 7.Bc4 Qa4 8.O-O h6
9.Bxf6 gxf6 10.d5 b5 11.Bxb5 Qg4 12.h3 Qg8 13.Ne4 Bg7 14.Nxc5 Qf8 15.Qd4 Qe7
16.d6 Qd8 17.Qe4 Nc6 18.Bxc6 dxc6 19.Qxc6+ Bd7 20.Nxd7 Rc8 21.Nxf6+ Kf8 22.Nd7+ Ke8
23.Qa4 Qxd7 24.Qxd7+ Kxd7 25.Rb7+ Kxd6 26.Rxf7 Rc7 27.Rd1+ Kc6 28.Rf4 Kb7
29.c4 a5 30.Re4 a4  1-0

[Event "Porz op29"]
[Site "Porz"]
[Date "1993.??.??"]
[Round "7"]
[White "Wessler, Dirk"]
[Black "Sondermann, Johannes"]
[Result "1-0"]
[WhiteElo "1855"]
[BlackElo "2015"]

1.d4 Nf6 2.Bg5 e6 3.e3 c5 4.c3 cxd4 5.exd4 Be7 6.Nd2 b6 7.Be2 Bb7 8.Bf3 d5
9.Ne2 h6 10.Bxf6 Bxf6 11.Nf1 Qc7 12.Ne3 Nd7 13.g3 Be7 14.Nf4 Nf6 15.O-O O-O
16.Ng4 Nxg4 17.Bxg4 b5 18.Re1 b4 19.Qd3 bxc3 20.bxc3 Bd6 21.Nh5 Rae8 22.Bd1 Rc8
23.Bc2 f5 24.Rxe6 Qxc3 25.Qxc3 Rxc3 26.Bb3 Rd8 27.Rae1 Kf7 28.Nf4 Bxf4 29.gxf4 Rd7
30.Kg2 Rd3 31.Ba4 Rc7 32.Be8+  1-0

[Event "ROM-chT"]
[Site "ROM"]
[Date "1993.??.??"]
[Round "5"]
[White "Ungureanu, Emil"]
[Black "Barbulescu, Dan"]
[Result "1/2-1/2"]
[WhiteElo "2340"]
[BlackElo "2405"]

1.d4 Nf6 2.Bg5 e6 3.e3 c5 4.c3 d5 5.Nd2 Nbd7 6.Ngf3 Qc7 7.Bd3 Bd6 8.Rc1 O-O
9.O-O b6 10.e4 dxe4 11.Nxe4 Nxe4 12.Bxe4 Rb8 13.Qe2 h6 14.Bd2 Nf6 15.Bb1 cxd4
16.cxd4 Qb7 17.Bd3 Qd5 18.Bc4 Qh5 19.Ne5 Qxe2 20.Bxe2 Bb7 21.Nc4 Be7 22.Ne5 Rfd8
23.Be3 Rbc8 24.Rxc8 Rxc8 25.Rc1 Rxc1+ 26.Bxc1 Kf8 27.a3 Bd6 28.Bd2 Ke7 29.f3 Nd5
30.g3 f6 31.Nc4 Bc7 32.Kf2 Kd7 33.h4  1/2-1/2

[Event "St Petersburg op"]
[Site "St Petersburg"]
[Date "1993.??.??"]
[Round "?"]
[White "Popov, Valerij"]
[Black "Tseshkovsky, Vitaly"]
[Result "0-1"]
[WhiteElo "2340"]
[BlackElo "2495"]

1.d4 Nf6 2.Bg5 e6 3.Nd2 h6 4.Bh4 c5 5.e3 d5 6.c3 Nc6 7.Ngf3 Be7 8.Bd3 O-O
9.O-O b6 10.Ne5 Bb7 11.f4 Ne4 12.Bxe7 Nxe7 13.Bxe4 dxe4 14.dxc5 f6 15.Nec4 bxc5
16.Qc2 Bd5 17.b3 Qe8 18.Nxe4 Qg6 19.f5 Nxf5 20.Nxc5 Rac8 21.e4 Rxc5 22.exd5 Rxd5
23.Ne3 Re5 24.Nxf5 exf5 25.Rf2 Qg5 26.Raf1 Qe3 27.Qd2 Qb6 28.Qd4 Qxd4 29.cxd4 Rd5
30.Rxf5 Rxd4 31.R1f4 Rd1+ 32.Rf1 Rd2 33.R1f2 Rd7 34.h3 Rc8 35.Kh2 Kf7 36.Ra5 Kg6
37.Rf4 Rc2 38.Rfa4 h5 39.Rc4 Rb2 40.Rc3 Re2 41.b4 Kh6 42.a3 Rdd2 43.Rxa7 Rxg2+
44.Kh1 Rh2+ 45.Kg1 Rdg2+ 46.Kf1 Ra2 47.Kg1 Rhg2+ 48.Kf1 Rgf2+ 49.Kg1 Rfb2
50.Rf3 h4 51.Ra8 Rb1+ 52.Rf1 Rb3 53.Rf2 Rg3+ 54.Kf1 Ra1+ 55.Ke2 Rxh3 56.Rf3 Ra2+
57.Ke3 Rxf3+ 58.Kxf3 Kg5 59.a4 h3 60.a5 h2 61.Rh8 Rb2 62.Kg3 Rxb4 63.Kxh2 Ra4
64.Ra8 Kf4 65.Ra6 Kf5 66.Kg3 g5 67.Kf2 g4 68.Ke2 Ra3 69.Kd2 Ke5 70.Ra8 Kf4
71.a6 g3  0-1

[Event "Warsaw op"]
[Site "Warsaw"]
[Date "1993.??.??"]
[Round "4"]
[White "Nesterov, Jakov"]
[Black "Sidorov, Anatoly"]
[Result "1/2-1/2"]
[WhiteElo "2445"]
[BlackElo "2360"]

1.d4 Nf6 2.Bg5 e6 3.e4 h6 4.Bxf6 Qxf6 5.Qd2 c5 6.c3 b6 7.e5 Qd8 8.d5 d6 9.dxe6 Bxe6
10.Bb5+ Bd7 11.Na3 dxe5 12.O-O-O Qg5 13.Nf3 Qxd2+ 14.Rxd2 a6 15.Bxd7+ Nxd7
16.Nc4 Be7 17.Rxd7 Kxd7 18.Nxb6+ Ke6 19.Nxa8 Rxa8 20.Re1 f6 21.Nd2 h5 22.f4 Bd6
23.Nc4 Bc7 24.fxe5 Bxe5 25.Nxe5 fxe5 26.Kd2 Rd8+ 27.Ke3 c4 28.Re2 Rd1 29.Ke4 Rb1
30.Ke3 a5 31.Ke4 a4 32.h3 g6 33.Rd2 a3 34.bxa3 Re1+ 35.Kf3 Rc1 36.Ke4 Re1+
37.Kf3 Rc1 38.Ke4 Rxc3 39.a4 Ra3 40.Rb2 Rxa4 41.Rb6+ Kf7 42.Kxe5 Rxa2 43.Rb7+ Kg8
44.g4 hxg4 45.hxg4 Rg2 46.Kf4 Rf2+ 47.Kg5 Rf7 48.Rb6  1/2-1/2

[Event "Zagreb Vukovar"]
[Site "Zagreb"]
[Date "1993.??.??"]
[Round "8"]
[White "Palac, Mladen"]
[Black "Rogulj, Branko"]
[Result "1/2-1/2"]
[WhiteElo "2485"]
[BlackElo "2415"]

1.d4 Nf6 2.Bg5 e6 3.e3 d5 4.Nd2 Be7 5.Bd3 c5 6.c3 Nc6 7.f4 h6 8.Bxf6 Bxf6
9.Ngf3 cxd4 10.exd4 Qc7 11.Ne5 Nxe5 12.fxe5  1/2-1/2

[Event "Altensteig"]
[Site "Altensteig"]
[Date "1994.??.??"]
[Round "10"]
[White "Bezold, Michael"]
[Black "Bischoff, Klaus"]
[Result "0-1"]
[WhiteElo "2475"]
[BlackElo "2525"]

1.d4 Nf6 2.Bg5 e6 3.e4 h6 4.Bxf6 Qxf6 5.Nc3 Bb4 6.Nf3 d6 7.Qd2 Nd7 8.a3 Ba5
9.Bd3 O-O 10.O-O c6 11.b4 Bc7 12.Ne2 e5 13.c4 Re8 14.d5 cxd5 15.cxd5 Nf8
16.Ng3 Ng6 17.Nh5 Qd8 18.Be2 Bb6 19.Rac1 Rf8 20.Rc3 a5 21.h3 axb4 22.axb4 Bd7
23.Nh2 Qg5 24.Qd1 Ra2 25.Ng4 Rfa8 26.h4 Qd2 27.Qxd2 Rxd2 28.Bf3 Nxh4 29.Ngf6+ gxf6
30.Nxf6+ Kg7 31.Nxd7 Bd4 32.Rc7 Nxf3+ 33.gxf3 Raa2 34.Kg2 Bxf2 35.Kh3  0-1

[Event "AUT-chT"]
[Site "?"]
[Date "1994.??.??"]
[Round "?"]
[White "Hertneck, Gerald"]
[Black "Horvath, Csaba"]
[Result "0-1"]
[WhiteElo "2555"]
[BlackElo "2545"]

1.d4 Nf6 2.Bg5 e6 3.e3 c5 4.Nd2 b6 5.Ne4 Be7 6.Bxf6 gxf6 7.dxc5 bxc5 8.Nd6+ Bxd6
9.Qxd6 Qb6 10.O-O-O Qxd6 11.Rxd6 Bb7 12.Ne2 Ke7 13.Rd2 f5 14.c4 Rg8 15.Nc3 Nc6
16.f4 d6 17.Rg1 h5 18.Be2 Na5 19.b3 h4 20.Rgd1 Rxg2 21.Rxd6 Bc6 22.Rxc6 Nxc6
23.Bf3 Rxh2 24.Bxc6 Rd8 25.Rxd8 Kxd8 26.Kd1 Kc7 27.Ba8 Rf2 28.Ke1 Rc2 29.Kd1 Rb2
30.Na4 Rxa2 31.Nxc5 h3 32.Nd3 h2 33.Bf3 f6 34.e4 fxe4 35.Bxe4 a5 36.c5 Ra1+
37.Nc1 a4 38.bxa4 Rxa4 39.Bh1 Rxf4 40.Ke2 Rg4 41.Nd3 Rg1 42.Nf2 f5 43.Ke3 e5
44.Ke2 e4 45.Ke3 Kc6 46.Kf4 Kxc5 47.Kxf5 Rf1  0-1

[Event "AUT-chT"]
[Site "?"]
[Date "1994.??.??"]
[Round "?"]
[White "Maierhofer, Johann"]
[Black "Seuss, Oswald"]
[Result "1-0"]
[WhiteElo "2025"]
[BlackElo "2130"]

1.d4 Nf6 2.Bg5 e6 3.c4 h6 4.Bh4 b6 5.Nc3 Bb4 6.f3 Bxc3+ 7.bxc3 d5 8.e3 Bb7
9.Bd3 Nbd7 10.Ne2 O-O 11.O-O c5 12.Qd2 Qe7 13.a4 Rfc8 14.Rfc1 g5 15.Bg3 Nh5
16.Bf2 dxc4 17.Bxc4 Rd8 18.e4 Ne5 19.Bb3 Ba6 20.Qe3 Nd3 21.Rd1 Nxf2 22.Kxf2 Bxe2
23.Kxe2 Nf4+ 24.Kf2 Rac8 25.g3 cxd4 26.cxd4 Qb4 27.Rac1 Ng6 28.Rxc8 Rxc8
29.Rd3 Qa3 30.Qd2 Qa1 31.Bd1 Rc1 32.Ke3 f5 33.exf5 exf5 34.f4 Rc8 35.Kf2 Ne7
36.d5 Qf6 37.d6 Nc6 38.Bb3+ Kf8 39.d7 Rd8 40.Rd6 Qe7 41.Qd5 Qg7 42.Qxf5+  1-0

[Event "AUT-chT2S 9394"]
[Site "AUT"]
[Date "1994.??.??"]
[Round "?"]
[White "Guertl, S."]
[Black "Hoffmann, Erich"]
[Result "1/2-1/2"]
[WhiteElo "2030"]
[BlackElo "2090"]

1.d4 Nf6 2.Bg5 e6 3.e3 c5 4.c3 cxd4 5.exd4 Be7 6.Nf3 O-O 7.Bd3 b6 8.O-O Bb7
9.Nbd2 d6 10.Re1 Nbd7 11.Qe2 Nd5 12.Qe4 g6 13.Qh4 Re8  1/2-1/2

[Event "Badenweiler op"]
[Site "Badenweiler"]
[Date "1994.??.??"]
[Round "8"]
[White "Gerstner, Wolfgang"]
[Black "Bach, Edwin"]
[Result "1/2-1/2"]
[WhiteElo "2380"]
[BlackElo "2245"]

1.d4 Nf6 2.Bg5 e6 3.e4 h6 4.Bxf6 Qxf6 5.Nf3 b6 6.Bd3 Bb7 7.Nbd2 d6 8.Qe2 Qe7
9.O-O g6 10.c3 Bg7 11.Rfe1 O-O 12.Rad1 a6 13.Nc4 Nd7 14.a4 e5 15.Bc2 Rfd8
16.Ne3 c6 17.Nc4 b5 18.Na5 Nb6 19.Qe3 Qc7 20.b4 Rac8 21.h4 Ba8 22.Rd3 c5
23.dxc5 dxc5 24.Rxd8+ Qxd8 25.Rd1 Qe7 26.axb5 axb5 27.bxc5 Qxc5 28.Rd8+ Kh7
29.Qxc5 Rxc5 30.Rb8 Rxc3 31.Bb3 Rc1+ 32.Kh2 Ra1 33.Bxf7 Rxa5 34.Bg8+ Kh8
35.Be6+ Kh7  1/2-1/2

[Event "Balatonbereny op"]
[Site "Balatonbereny"]
[Date "1994.??.??"]
[Round "5"]
[White "Kecskes, Gabor"]
[Black "Meszaros, Attila"]
[Result "1-0"]
[WhiteElo "2110"]
[BlackElo "2330"]

1.d4 Nf6 2.Bg5 e6 3.e4 d6 4.Bd3 Be7 5.Nd2 c5 6.e5 Nfd7 7.Bxe7 Qxe7 8.Nc4 dxe5
9.dxe5 O-O 10.Qh5 g6 11.Qe2 Nc6 12.Nf3 Rb8 13.a4 b6 14.c3 Ba6 15.O-O b5 16.Na3 c4
17.Be4 Ncxe5 18.axb5 Bxb5 19.Nxb5 Rxb5 20.Nd4 Rb6 21.Rxa7 f5 22.Bc2 Qc5 23.f4 Rxb2
24.Rfa1 Rfb8 25.fxe5 Nxe5 26.R7a5  1-0

[Event "Berliner Sommer"]
[Site "Berlin"]
[Date "1994.??.??"]
[Round "?"]
[White "Arbakov, Valentin"]
[Black "Chuchelov, Vladimir"]
[Result "0-1"]
[WhiteElo "2570"]
[BlackElo "2475"]

1.d4 Nf6 2.Bg5 e6 3.e4 h6 4.Bxf6 Qxf6 5.c3 d6 6.Bb5+ Nd7 7.Nd2 g6 8.Ne2 Qg5
9.a4 Qxg2 10.Rg1 Qh3 11.Nf4 Qxh2 12.Rg4 Qh1+ 13.Bf1 h5 14.Rg3 Qh4 15.Ng2 Qe7
16.f4 e5 17.fxe5 dxe5 18.Ne3 c6 19.Qf3 Bh6 20.O-O-O Nf6 21.Kb1 Ng4 22.Nec4 exd4
23.cxd4 O-O 24.e5 Bf5+ 25.Bd3 Bxd3+ 26.Qxd3 Nf2 27.Qf3 Nxd1 28.Qxh5 Bf4 29.Rg1 Ne3
30.Ne4 Kg7 31.Ncd6 Rh8 32.Qf3 Rh4 33.Nf6 Rah8 34.a5 a6 35.Re1 Qe6 36.Nfe4 Qb3
37.Nc5 Qc2+ 38.Ka2 Rh2 39.Rb1 Nd5  0-1

[Event "Bern op"]
[Site "Bern"]
[Date "1994.??.??"]
[Round "2"]
[White "Hodgson, Julian M"]
[Black "Kellenberger, Stephane"]
[Result "1-0"]
[WhiteElo "2570"]
[BlackElo "2260"]

1.d4 Nf6 2.Bg5 e6 3.e4 h6 4.Bxf6 Qxf6 5.Nc3 d6 6.Qd2 Nd7 7.f4 c6 8.e5 dxe5
9.dxe5 Qd8 10.Ne4 Qb6 11.O-O-O Nc5 12.Nd6+ Bxd6 13.exd6 Bd7 14.Qd4 O-O-O
15.Nf3 f6 16.Bc4 Na4 17.b3 Qxd4 18.Nxd4 Nc5 19.Rhe1 Rhe8 20.b4 Na4 21.Nxe6 Bxe6
22.Bxe6+ Kb8 23.c4 a5 24.a3 axb4 25.axb4 c5 26.b5 Nb6 27.Kc2 Nd7 28.Bxd7 Rxe1
29.Rxe1 Rxd7 30.Re6 Kc8 31.f5 b6 32.Kd3 Ra7 33.Re8+  1-0

[Event "Biel op"]
[Site "Biel"]
[Date "1994.??.??"]
[Round "3"]
[White "Seul, Georg"]
[Black "Kelecevic, Nedeljko"]
[Result "0-1"]
[WhiteElo "2435"]
[BlackElo "2460"]

1.d4 Nf6 2.Bg5 e6 3.Nf3 c5 4.e3 b6 5.d5 Be7 6.Nc3 exd5 7.Nxd5 Bb7 8.Bxf6 Bxf6
9.c3 g6 10.Bc4 Bg7 11.Qd3 O-O 12.h4 a6 13.h5 b5 14.hxg6 bxc4 15.gxf7+ Rxf7
16.Qxh7+ Kf8 17.Qh5 Bxd5 18.Qxd5 Nc6 19.Ng5 Qe7 20.Rh4 Re8 21.Re4 Ne5 22.Nxf7 Qxf7
23.Qxf7+ Kxf7 24.Ke2 d5 25.Rf4+ Ke6 26.Rd1 Rb8 27.Rd2 Bf6 28.e4 Bg5 29.exd5+ Kd6
30.g3 Bxf4 31.gxf4 Nd3 32.b3 cxb3 33.axb3 Nc1+ 34.Kd1 Nxb3 35.Ra2 Kxd5 36.Rxa6 Rf8
37.Kc2 c4  0-1

[Event "GER-ch"]
[Site "Binz"]
[Date "1994.??.??"]
[Round "1"]
[White "Gerstner, Wolfgang"]
[Black "Machelett, Heiko"]
[Result "1-0"]
[WhiteElo "2380"]
[BlackElo "2240"]

1.d4 Nf6 2.Bg5 e6 3.e4 h6 4.Bxf6 Qxf6 5.Nf3 g5 6.e5 Qe7 7.Nc3 d5 8.Bd3 Nc6
9.h3 Bd7 10.a3 Bg7 11.Qe2 O-O-O 12.O-O-O f5 13.exf6 Qxf6 14.Bb5 h5 15.Kb1 Rhf8
16.Rhe1 Rde8 17.Rd2 Bh6 18.Bxc6 Bxc6 19.Ne5 g4 20.Rd3 gxh3 21.Rf3 Qg5 22.Nxc6 bxc6
23.Rxh3 Rf5 24.Qa6+ Kd7 25.Na4 Qd2 26.Re2 Qd1+ 27.Ka2 Bd2 28.Nc5+ Kd6 29.Qc8  1-0

[Event "Budapest FS10 IM-B"]
[Site "Budapest"]
[Date "1994.??.??"]
[Round "8"]
[White "Mihok, Laszlo"]
[Black "Urban, Julian"]
[Result "1/2-1/2"]
[WhiteElo "2270"]
[BlackElo "2235"]

1.d4 Nf6 2.Bg5 e6 3.e4 h6 4.Bxf6 Qxf6 5.e5 Qd8 6.Nf3 d5 7.Nbd2 b6 8.Bb5+ c6
9.Bd3 Ba6 10.Nb3 Be7 11.Bxa6 Nxa6 12.Qe2 Nb8 13.O-O O-O 14.Rfc1 b5 15.a4 Qb6  1/2-1/2